Sports Quiz

Random Sports or WWE Quiz

Christian ****+ Partners & Opponents Quiz Stats

 Plays Quiz not verified by Sporcle

Support Sporcle.
Go Orange.
Score 0/89 Timer 08:00
1 Play Today
Event Opponents & Partners % Correct
****½ WWF No Mercy '99 - Tag Team LadderEdge
99.3%
**** WWF WrestleMania 2000 - Triple Threat Ladder Match for the Tag TitlesEdge
99.3%
****½ WWF SummerSlam '00 - Triple Threat TLC for the Tag TitlesEdge
99.3%
****¾ WWF WrestleMania X-7 - Triple Threat TLC for the Tag TitlesEdge
99.3%
****¾ WWF Smackdown! - 4 Way TLC for the Tag TitlesEdge
99.3%
**** WWE Raw 21/02/05 - TagEdge
99.3%
****½ WWE WrestleMania 21 - Money in the BankEdge
99.3%
****½ WWF No Mercy '99 - Tag Team LadderMatt Hardy
98.9%
****½ WWF No Mercy '99 - Tag Team LadderJeff Hardy
98.9%
**** WWF WrestleMania 2000 - Triple Threat Ladder Match for the Tag TitlesMatt Hardy
98.9%
**** WWF WrestleMania 2000 - Triple Threat Ladder Match for the Tag TitlesJeff Hardy
98.9%
****½ WWF SummerSlam '00 - Triple Threat TLC for the Tag TitlesMatt Hardy
98.9%
****½ WWF SummerSlam '00 - Triple Threat TLC for the Tag TitlesJeff Hardy
98.9%
****¾ WWF WrestleMania X-7 - Triple Threat TLC for the Tag TitlesMatt Hardy
98.9%
****¾ WWF WrestleMania X-7 - Triple Threat TLC for the Tag TitlesJeff Hardy
98.9%
****¾ WWF Smackdown! - 4 Way TLC for the Tag TitlesMatt Hardy
98.9%
****¾ WWF Smackdown! - 4 Way TLC for the Tag TitlesJeff Hardy
98.9%
****¼ WWE Raw 10/07/02 - 4 Way TLC for the Tag TitlesJeff Hardy
98.9%
**** WWE Money in the Bank '10 - Money in the BankMatt Hardy
98.9%
**** WWF WrestleMania 2000 - Triple Threat Ladder Match for the Tag TitlesBubba Ray Dudley
98%
**** WWF WrestleMania 2000 - Triple Threat Ladder Match for the Tag TitlesD-Von Dudley
98%
****½ WWF SummerSlam '00 - Triple Threat TLC for the Tag TitlesBubba Ray Dudley
98%
****½ WWF SummerSlam '00 - Triple Threat TLC for the Tag TitlesD-Von Dudley
98%
****¾ WWF WrestleMania X-7 - Triple Threat TLC for the Tag TitlesBubba Ray Dudley
98%
****¾ WWF WrestleMania X-7 - Triple Threat TLC for the Tag TitlesD-Von Dudley
98%
****¾ WWF Smackdown! - 4 Way TLC for the Tag TitlesBubba Ray Dudley
98%
****¾ WWF Smackdown! - 4 Way TLC for the Tag TitlesD-Von Dudley
98%
****¼ WWE Raw 10/07/02 - 4 Way TLC for the Tag TitlesBubba Ray Dudley
98%
****¼ WWE Survivor Series '03 - Survivor Series MatchBubba Ray Dudley
98%
****¼ WWE Survivor Series '03 - Survivor Series MatchD-Von Dudley
98%
Event Opponents & Partners % Correct
****¼ WWE Raw 10/07/02 - 4 Way TLC for the Tag TitlesSpike Dudley
97.1%
****¼ WWE Survivor Series '03 - Survivor Series MatchRandy Orton
96%
**** WWE Raw 21/02/05 - TagRandy Orton
96%
****¼ WWE Over the Limit '11 - World Heavyweight TitleRandy Orton
96%
**** WWE SummerSlam '11 - No Holds Barred for the World Heavyweight TitleRandy Orton
96%
****½ WWE Money in the Bank '13 - Money in the BankRandy Orton
96%
****¾ WWF Smackdown! - 4 Way TLC for the Tag TitlesChris Jericho
93.2%
****¼ WWE Raw 10/07/02 - 4 Way TLC for the Tag TitlesChris Jericho
93.2%
****¼ WWE Raw 10/07/02 - 4 Way TLC for the Tag TitlesKane
93.2%
****¼ WWE Survivor Series '03 - Survivor Series MatchChris Jericho
93.2%
**** WWE Raw 10/04/04 - Steel CageChris Jericho
93.2%
****½ WWE WrestleMania 21 - Money in the BankChris Jericho
93.2%
**** WWE Money in the Bank '10 - Money in the BankKane
93.2%
****¾ WWF Smackdown! - 4 Way TLC for the Tag TitlesChris Benoit
91.8%
****½ WWE WrestleMania 21 - Money in the BankChris Benoit
91.8%
**** TNA Lockdown '07 - Lethal LockdownAJ Styles
90%
****¼ TNA Slammiversary '07 - King of the Mountain for the World Heavyweight TitleAJ Styles
90%
****¼ WWE Raw 10/07/02 - 4 Way TLC for the Tag TitlesRob Van Dam
89.5%
**** WWE Raw 29/09/03 - Ladder Match for the Intercontinental TitleRob Van Dam
89.5%
****¼ WWE Survivor Series '03 - Survivor Series MatchRob Van Dam
89.5%
**** TNA Lockdown '07 - Lethal LockdownKurt Angle
89.5%
****¼ TNA Slammiversary '07 - King of the Mountain for the World Heavyweight TitleKurt Angle
89.5%
****½ WWE Money in the Bank '13 - Money in the BankRob Van Dam
89.5%
****½ WWE WrestleMania 21 - Money in the BankKane
88.3%
****¼ WWE Extreme Rules '11 - Ladder Match for the World Heavyweight TitleAlberto Del Rio
85.7%
**** TNA Destination X '07 - World Heavyweight TitleSamoa Joe
82.8%
**** TNA Lockdown '07 - Lethal LockdownSamoa Joe
82.8%
****¼ TNA Slammiversary '07 - King of the Mountain for the World Heavyweight TitleSamoa Joe
82.8%
**** TNA Bound for Glory '07 - SinglesSamoa Joe
82.8%
****½ WWE WrestleMania 21 - Money in the BankShelton Benjamin
82.4%
Event Opponents & Partners % Correct
****¼ WWE TLC '09 - Ladder Match for the ECW World Heavyweight TitleShelton Benjamin
82.4%
****¼ WWE Survivor Series '03 - Survivor Series MatchBooker T
81%
****½ WWE Money in the Bank '13 - Money in the BankCM Punk
78.5%
****¼ WWE Survivor Series '03 - Survivor Series MatchMark Henry
78.4%
****¼ WWE Survivor Series '03 - Survivor Series MatchShawn Michaels
77.2%
**** WWE Raw 21/02/05 - TagShawn Michaels
77.2%
**** TNA Lockdown '07 - Lethal LockdownSting
75.6%
**** TNA Lockdown '07 - Lethal LockdownJeff Jarrett
73.8%
****¼ WWE Survivor Series '03 - Survivor Series MatchScott Steiner
71.1%
**** TNA Lockdown '07 - Lethal LockdownScott Steiner
71.1%
****½ WWE Money in the Bank '13 - Money in the BankSheamus
69.8%
**** WWE Money in the Bank '10 - Money in the BankDolph Ziggler
68.1%
**** WWE Money in the Bank '12 - Money in the BankDolph Ziggler
68.1%
**** WWE Money in the Bank '10 - Money in the BankBig Show
67.7%
****½ WWE Money in the Bank '13 - Money in the BankDaniel Bryan
66.8%
**** TNA Lockdown '07 - Lethal LockdownAbyss
66.7%
**** WWE Money in the Bank '10 - Money in the BankCody Rhodes
64.2%
**** WWE Money in the Bank '12 - Money in the BankCody Rhodes
64.2%
**** WWE Money in the Bank '10 - Money in the BankKofi Kingston
63.1%
**** TNA Lockdown '07 - Lethal LockdownTyson Tomko
57.4%
**** TNA Lockdown '07 - Lethal LockdownRhino
56%
**** TNA Genesis '07 - LadderKaz
48.7%
**** WWE Money in the Bank '10 - Money in the BankDrew McIntyre
48.7%
**** WWE Money in the Bank '12 - Money in the BankDamien Sandow
47%
**** WWE Money in the Bank '12 - Money in the BankSin Cara
42.1%
****¼ TNA Slammiversary '07 - King of the Mountain for the World Heavyweight TitleChris Harris
41.1%
**** WWE Money in the Bank '12 - Money in the BankTensai
38.8%
**** WWE Money in the Bank '12 - Money in the BankTyson Kidd
36.4%
**** WWE Money in the Bank '12 - Money in the BankSantino Marella
34.7%

You're not logged in!

Compare scores with friends on all Sporcle quizzes.
OR
Log In

From the Vault

Clueless Letter Lines: NFL Teams

by esmeyny

Hopefully this quiz doesn't leave you feeling clueless, though.
Remove Ads.
Support Sporcle.
Get the best of Sporcle when you Go Orange. This ad-free experience offers more features, more stats, and more fun while also helping to support Sporcle. Thank you for becoming a member.

Show Comments

Extras

Top Quizzes Today


Score Distribution

Your Account Isn't Verified!

In order to create a playlist on Sporcle, you need to verify the email address you used during registration. Go to your Sporcle Settings to finish the process.

Report this User

Report this user for behavior that violates our Community Guidelines.

Details: